[Event "Amazonas-ch sf1"]
[Site "Manaus"]
[Date "2014.01.11"]
[Round "3"]
[White "De Freitas, Marilis Nogueira"]
[Black "Presa, Luis Alberto Passos"]
[Result "0-1"]
[WhiteElo "1841"]
[BlackElo "1633"]
[PlyCount "52"]
[EventDate "2014.01.04"]
[EventType "swiss"]
[EventRounds "6"]
[EventCountry "BRA"]
[SourceTitle "EXT 2018"]
[Source "ChessBase"]
[SourceDate "2017.10.13"]
[SourceVersion "1"]
[SourceVersionDate "2017.10.13"]
[SourceQuality "1"]

1. e4 c6 2. d4 d5 3. e5 Bf5 4. Nf3 e6 5. Bd2 Nd7 6. Be2 Ne7 7. 0-0 Nc8 8. a3 Be7 9. Nc3 0-0 10. h3 c5 11. Be3 a6 12. Rb1 b5 13. b4 c4 14. a4 Na7 15. a5 Nc6 16. Kh2 Nxb4 17. Ne1 Qxa5 18. Ra1 Qc7 19. g3 f6 20. exf6 Nxf6 21. Bf3 Bd6 22. Ne2 Ne4 23. Rg1 Kh8 24. h4 Qe7 25. h5 Qh4+ 26. Kg2 Qh3# 0-1

[Event "Amazonas-ch sf1"]
[Site "Manaus"]
[Date "2014.01.04"]
[Round "1"]
[White "De Freitas, Marilis Nogueira"]
[Black "Reis, Renan do Carmo"]
[Result "0-1"]
[WhiteElo "1841"]
[BlackElo "2223"]
[PlyCount "36"]
[EventDate "2014.01.04"]
[EventType "swiss"]
[EventRounds "6"]
[EventCountry "BRA"]
[SourceTitle "EXT 2018"]
[Source "ChessBase"]
[SourceDate "2017.10.13"]
[SourceVersion "1"]
[SourceVersionDate "2017.10.13"]
[SourceQuality "1"]

1. e4 c5 2. Nf3 d6 3. Be2 Nf6 4. Nc3 Nc6 5. 0-0 g6 6. d3 Bg7 7. h3 0-0 8. Bf4 Rb8 9. e5 Nh5 10. Nh4 Nxf4 11. Bf3 Nxe5 12. Rb1 g5 13. Nb5 gxh4 14. Nxa7 Bd7 15. Be4 Qa5 16. d4 cxd4 17. Qxd4 Ne2+ 18. Kh1 Nxd4 0-1

[Event "FENAJ-ch U16 Girls"]
[Site "Brazil"]
[Date "2013.06.01"]
[Round "5"]
[White "De Freitas, Marilis Nogueira"]
[Black "Oba, Ana Claudia de Oliv"]
[Result "0-1"]
[WhiteElo "1855"]
[BlackElo "1590"]
[PlyCount "92"]
[EventDate "2013.05.30"]
[EventType "swiss"]
[EventRounds "6"]
[EventCountry "BRA"]
[SourceTitle "EXT 2015"]
[Source "ChessBase"]
[SourceDate "2014.11.20"]
[SourceVersion "1"]
[SourceVersionDate "2014.11.20"]
[SourceQuality "1"]

1. e4 e6 2. d4 d5 3. Bd3 Nf6 4. e5 Nfd7 5. Nf3 c5 6. c3 Qb6 7. 0-0 Nc6 8. Re1 cxd4 9. c4 dxc4 10. Bxc4 Qc5 11. b3 Ndxe5 12. Nxe5 Nxe5 13. Bf4 Nxc4 14. bxc4 Qxc4 15. a3 Qd5 16. Re5 Qc4 17. Nd2 Qd3 18. Nf3 Qxd1+ 19. Rxd1 Bxa3 20. Rxd4 Bb2 21. Rg5 Bxd4 22. Nxd4 0-0 23. h4 f6 24. Rg3 e5 25. Nb5 exf4 26. Rf3 Bd7 27. Nd4 Rfe8 28. Rxf4 Bc6 29. g4 Re4 30. Rxe4 Bxe4 31. f3 Bd5 32. Kg2 a5 33. Kg3 a4 34. Nc2 b5 35. f4 Bb3 36. Na3 b4 37. Nb5 a3 38. h5 a2 39. g5 a1Q 40. g6 Qg1+ 41. Kf3 Bd5+ 42. Ke2 Bc4+ 43. Kf3 Bxb5 44. f5 Ra3+ 45. Kf4 Qe3+ 46. Kg4 Qg3# 0-1

[Event "FENAJ-ch U16 Girls"]
[Site "Brazil"]
[Date "2013.06.01"]
[Round "4"]
[White "Lellis Moura, Ana Camilla Raulino"]
[Black "De Freitas, Marilis Nogueira"]
[Result "0-1"]
[WhiteElo "1738"]
[BlackElo "1855"]
[PlyCount "115"]
[EventDate "2013.05.30"]
[EventType "swiss"]
[EventRounds "6"]
[EventCountry "BRA"]
[SourceTitle "EXT 2015"]
[Source "ChessBase"]
[SourceDate "2014.11.20"]
[SourceVersion "1"]
[SourceVersionDate "2014.11.20"]
[SourceQuality "1"]

1. e4 e5 2. d4 Nc6 3. Nf3 d6 4. Bb5 Bd7 5. d5 Nb8 6. Bxd7+ Nxd7 7. c4 Be7 8. Nc3 h6 9. 0-0 Ngf6 10. Be3 0-0 11. Qb3 b6 12. a4 Qb8 13. Rfb1 a6 14. a5 bxa5 15. Qxb8 Rfxb8 16. Rxa5 Bd8 17. Raa1 Rb4 18. b3 Nh7 19. Nd2 Bg5 20. Bxg5 Nxg5 21. Ra3 Nc5 22. h4 Nh7 23. Na4 Nd3 24. g3 g5 25. hxg5 Nxg5 26. Kg2 Kh7 27. Nb2 Nc5 28. Nd1 Kg6 29. Ne3 Ngxe4 30. Nxe4 Nxe4 31. Nc2 Nc3 32. Rb2 Rbb8 33. Kf3 f5 34. Ne3 Kg5 35. Kg2 h5 36. f3 f4 37. Nf1 Nd1 38. Rb1 Nc3 39. Rb2 Re8 40. Ra1 e4 41. Rc2 exf3+ 42. Kxf3 Ne4 43. Re2 Nc5 44. gxf4+ Kg6 45. Rxe8 Rxe8 46. Nd2 Rc8 47. Ke3 h4 48. b4 Nd7 49. Rxa6 h3 50. Ra1 Rb8 51. b5 Kh5 52. Nf3 Nc5 53. Rh1 Kg4 54. Kf2 Ne4+ 55. Ke3 Re8 56. Rg1+ Ng3+ 57. Kf2 Kxf4 58. c5 0-1

[Event "FENAJ-ch U16 Girls"]
[Site "Brazil"]
[Date "2013.05.31"]
[Round "2"]
[White "Alboredo, Julia"]
[Black "De Freitas, Marilis Nogueira"]
[Result "1-0"]
[WhiteElo "1820"]
[BlackElo "1855"]
[PlyCount "75"]
[EventDate "2013.05.30"]
[EventType "swiss"]
[EventRounds "6"]
[EventCountry "BRA"]
[SourceTitle "EXT 2015"]
[Source "ChessBase"]
[SourceDate "2014.11.20"]
[SourceVersion "1"]
[SourceVersionDate "2014.11.20"]
[SourceQuality "1"]

1. e4 d6 2. d4 Nf6 3. f3 d5 4. e5 Ng8 5. Be3 Be6 6. Bd3 a6 7. c3 Nc6 8. f4 Nh6 9. Qc2 Ng4 10. Bd2 Qc8 11. f5 Bd7 12. Nf3 e6 13. h3 Nh6 14. Bxh6 gxh6 15. f6 h5 16. g4 hxg4 17. hxg4 h6 18. g5 Rb8 19. Nbd2 b5 20. g6 fxg6 21. Bxg6+ Kd8 22. Ng5 Be8 23. Bxe8 Kxe8 24. Qg6+ Kd7 25. Qf7+ Be7 26. Qxe6+ Kd8 27. fxe7+ Nxe7 28. Qf6 Rg8 29. Nf7+ Ke8 30. 0-0-0 Rb6 31. Qf3 Rf8 32. Rdf1 Qe6 33. Nd6+ Kd7 34. Qxf8 cxd6 35. Rxh6 Ng6 36. Qg7+ Kc8 37. Rh8+ Nxh8 38. Rf8+ 1-0